Tam quốc diễn nghĩa liên hoàn họa : Truyện tranh Tập 10: Tiểu Bá vương Tôn Sách
Kể chuyện con trai cả của Tôn Kiên là Tôn Sách bình định sáu quận Giang Đông, gây dựng cơ nghiệp họ Tôn
Đã lưu trong:
| Tác giả chính: | |
|---|---|
| Tác giả khác: | , , , , , , , , |
| Định dạng: | Sách |
| Ngôn ngữ: | Vietnamese |
| Được phát hành: |
H.
Văn học
2016
|
| Phiên bản: | Tái bản lần thứ 1 |
| Những chủ đề: | |
| Các nhãn: |
Thêm thẻ
Không có thẻ, Là người đầu tiên thẻ bản ghi này!
|
| Thư viện lưu trữ: | Thư viện Trường Đại học Nam Cần Thơ |
|---|
| LEADER | 01699nam a22003257a 4500 | ||
|---|---|---|---|
| 001 | NCT_4_021203 | ||
| 008 | 250524b xxu||||| |||| 00| 0 vie d | ||
| 999 | |c 9035 |d 9035 | ||
| 020 | |a 9786046974932 |c 11500 | ||
| 082 | 0 | 4 | |2 23rd ed. |a 895.1 |b Tr513/T.10 |
| 100 | 1 | |a La Quán Trung | |
| 245 | 1 | 0 | |a Tam quốc diễn nghĩa liên hoàn họa : |b Truyện tranh |n Tập 10: |p Tiểu Bá vương Tôn Sách |c La Quán Trung (Nguyên tác) ; Lương Sĩ, Vương Tinh Bắc (Lời) ; Triệu Tam Đảo,.. (Tranh) ; Trần Đình Chiến (Dịch) |
| 250 | |a Tái bản lần thứ 1 | ||
| 260 | |a H. |b Văn học |c 2016 | ||
| 300 | |a 116 tr. |b Minh họa |c 16x12 cm | ||
| 500 | |a Đông A biên chỉnh theo bản Tam quốc diễn nghĩa do Phan Kế Bính dịch, Bùi Kỷ hiệu đính, NXB Phổ Thông, 1959-1960 | ||
| 520 | 3 | |a Kể chuyện con trai cả của Tôn Kiên là Tôn Sách bình định sáu quận Giang Đông, gây dựng cơ nghiệp họ Tôn | |
| 653 | |a Tham khảo | ||
| 700 | 1 | |a Lương Sĩ |e Lời | |
| 700 | 1 | |a Vương Tinh Bắc |e Lời | |
| 700 | 1 | |a Triệu Tam Đảo |e Tranh | |
| 700 | 1 | |a Tưởng Bình |e Tranh | |
| 700 | 1 | |a Chu Quang Ngọc |e Tranh | |
| 700 | 1 | |a Triệu Tấn |e Tranh | |
| 700 | 1 | |a Từ Nhất Minh |e Tranh | |
| 700 | 1 | |a Đồ Toàn Phong |e Tranh | |
| 700 | 1 | |a Trần Đình Chiến |e Dịch | |
| 942 | |2 ddc |c BK | ||
| 952 | |0 0 |1 0 |2 ddc |4 0 |6 895_100000000000000_TR513_T_10 |7 0 |9 30843 |a 000001 |b 000001 |d 2025-05-24 |o 895.1 Tr513/T.10 |p TK.05505 |r 2025-05-24 |v 11500.00 |w 2025-05-24 |y BK | ||
| 980 | |a Thư viện Trường Đại học Nam Cần Thơ | ||


